000 00587nam a2200193Ia 4500
003 GCL
008 140319s9999 xx 000 0 ara d
040 _aGCL /
_cGCL
082 0 4 _a191
_bع م
100 1 _aعبدالرحمن بدوى
245 1 0 _aمنطق ارسطو /
_cعبدالرحمن بدوى
260 _a[S.N] :
_bدار القلم للنشر والتوزيع
300 _a323 ص
490 _aسلسلة دراسات اسلامية
_v0
650 0 4 _aالفلسفة الاسلامية
650 0 4 _aالفلسفة
650 0 4 _aفلسفة ارسطو
942 _2ddc
_cBK
999 _c35157
_d35157